MARC

LEADER 00000nab a2200000 a 4500
001 vtls000038842
003 SK-MaSNL
005 20260303175731.0
008 150430c1979 xo 0 slo
015 |a SNBRB19rr/mm-uuuuu 
035 |a CL0048937 
040 |a SNKBUCL  |b slo  |c SNKBUCL  |e AACR2 
041 0 |a slo 
044 |a xo  |c SK 
080 |a 882-3  |2 1981 
100 1 |a Polevoj, Boris Nikolajevič,  |d 1908-1981  |4 aut  |9 122964 
245 1 0 |a Živá spomienka  |c Boris Polevoj 
650 0 7 |a poviedky vojnové  |2 snkbucl  |9 900744 
650 0 7 |a sovietska literatúra  |2 snkbucl  |9 22300 
655 7 |a články z novín a časopisov  |2 snkbucl  |9 267496 
655 7 |a články z odboru literárna veda a krásna literatúra  |2 snkbucl  |9 770045 
773 0 |t Smena na nedeľu  |g Roč. 14, č. 34 (1979), s. 6 
850 |a Slovenská národná knižnica v Martine  |a MTA001 
852 |a SNK  |b KIS3GCP 
958 |a RK 
958 |a LX 
958 |a SK 
992 |a RBX 
999 |c 2103142  |d 2105072